Interpretación y análisis de estados contables

Saved in:
Bibliografiske detaljer
Hovedforfatter: Biondi, Mario
Format: Bog
Sprog:spansk
Udgivet: Buenos Aires Macchi 1990
Udgivelse:Segunda edición
Fag:
Tags: Tilføj Tag
Ingen Tags, Vær først til at tagge denne postø!

MARC

LEADER 00000nam a2200000 a 4500
001 UCX8010
003 CL-VaPUC
005 20210507001430.0
008 940119e19900000AG |||||||||||||||||spa|d
999 |c 227647  |d 227645 
040 |c Pontificia Universidad Católica de Valparaíso 
082 0 4 |a 657.3 BIO 1990  |2 21 
100 0 |a Biondi, Mario  |9 324999 
245 1 0 |a Interpretación y análisis de estados contables 
250 |a Segunda edición 
260 |a Buenos Aires  |b Macchi  |c 1990 
300 |a 146 páginas 
583 |a last modification  |c 19940119 00:00:00  |k Rodrigo Vera 
650 7 |a ESTADOS FINANCIEROS  |2 CL-VaPUC  |9 325000 
650 0 |a Contabilidad   |9 261430 
942 |c BK  |2 ddc 
945 |d 19940119 00:00:00  |a mfernand 
952 |0 0  |1 0  |2 ddc  |4 0  |6 657_300000000000000_BIO_1990  |7 0  |8 A  |9 226801  |a BIBGIM  |b BIBGIM  |d 2019-11-15  |i 2959739  |o 657.3 BIO 1990  |p 2959739  |r 2025-01-15  |t 1  |w 2019-11-15  |y BK  |k COM